000 01281nam a22003737a 4500
003 CHAP
005 20220329140240.0
008 971013s1931 r 00010 d
010 _a49220
011 _a50192
035 _a54342
040 _cCHAP
082 _a630.944
_bR5Y
100 0 0 _aRiviére, Charles.
_997811
245 _aCultivos meridionales
260 _aBarcelona :
_bSalvat,
_c1931
300 _a2 v.
_b: ilus.
490 _aEnciclopedia agrícola
590 _aBATCH-UPD
_b10
_c20130110
_lUCH01
_h0340
590 _aBATCH-UPD
_b10
_c20130110
_lUCH01
_h2140
590 _aBATCH-UPD
_b10
_c20130410
_lUCH01
_h0014
590 _aBATCH-UPD
_b10
_c20130410
_lUCH01
_h1535
590 _aBATCH-UPD
_b10
_c20130913
_lUCH01
_h1957
590 _aCONVERSION
_b10
_c20130109
_lUCH01
_h1327
650 1 4 _aAgricultura
_xAfrica del Norte.
_91175
650 1 4 _aAgricultura
_xFrancia.
_91499
830 0 _aEnciclopedia agrícola
_936731
901 _aBK
942 _cLIBRO
949 _a630.944 R5Y
_bBC
_cLIBRO
_d-119977
_eLIBRO
_fv.1
_h20364
_i54342
_si
949 _a630.944 R5Y
_bBC
_cLIBRO
_d-119978
_eLIBRO
_fv.1 c.2
_h20365
_i54342
_si
949 _a630.944 R5Y
_bBC
_cLIBRO
_d-119980
_eLIBRO
_fv.2
_h20366
_i54342
_si
949 _a630.944 R5Y
_bBC
_cLIBRO
_d-119981
_eLIBRO
_fv.2 c.2
_h20367
_i54342
_si
999 _c49220
_d49220